000 00811cab a2200337 4500
001 ##ABS52843
008 090401t1995 xxu||||| |||| 00| 0 eng d
035 _a(Sirsi) u414
041 0 _aeng
245 0 0 _aEstates Times survey
_bM5 corridor
260 _c1995
350 _a0
490 0 _aEstates Times
_v(1281) 26 May 1995, 9-29(21)
651 4 _aBIRMINGHAM
651 4 _aBLACK COUNTRY
651 4 _aBRIDGWATER
651 4 _aBRISTOL
651 4 _aCHELTENHAM
651 4 _aEXETER
651 4 _aGLOUCESTER
651 4 _aGLOUCESTERSHIRE
651 4 _aMERRY HILL
651 4 _aMIDLANDS
651 4 _aPLYMOUTH
651 4 _aPORTBURY
651 4 _aTAUNTON
651 4 _aWORCESTER
690 _aPROPERTY-COMMERCIAL PROPERTY-COMMERCIAL PROPERTY MARKET
942 _n0
948 _c04/03/1997
999 _c168
_d168